000 00532nam a2200193Ia 4500
005 20260120132117.0
008 008 260114s9999 xx 000 0 eng d
020 _a9780197719374
037 _aEBOOK
040 _aCRL
_beng
_cCRL
041 _aeng
_2eng
084 _qCRL
100 _aNagel
_9935065
245 4 _aThe Implosion of American Federalism
260 _bOxford University PressOxford University Press
_c2023
856 _uhttps://academic.oup.com/book/50553
942 _cEBOOK
999 _c1526988
_d1526988